A handbook on Holy Spirit baptism : (Record no. 4073)

MARC details
000 -LEADER
fixed length control field 00696nam a2200229Ia 4500
001 - CONTROL NUMBER
control field 6866670
003 - CONTROL NUMBER IDENTIFIER
control field OSt
005 - DATE AND TIME OF LATEST TRANSACTION
control field 20181128163231.0
008 - FIXED-LENGTH DATA ELEMENTS--GENERAL INFORMATION
fixed length control field 801027s1969 pau 000 0 eng d
020 ## - INTERNATIONAL STANDARD BOOK NUMBER
International Standard Book Number 0883680033
040 ## - CATALOGING SOURCE
Original cataloging agency TMN
Transcribing agency TMN
Modifying agency MAL
082 ## - DEWEY DECIMAL CLASSIFICATION NUMBER
Classification number 234.12
Item number B299H
092 ## - LOCALLY ASSIGNED DEWEY CALL NUMBER (OCLC)
Classification number 234.12
Item number B299h
092 ## - LOCALLY ASSIGNED DEWEY CALL NUMBER (OCLC)
Classification number 234.12
Item number B29h
100 1# - MAIN ENTRY--PERSONAL NAME
Personal name Basham, Don,
Dates associated with a name 1926-
245 12 - TITLE STATEMENT
Title A handbook on Holy Spirit baptism :
Remainder of title 37 questions and answers on the baptism in the Holy Spirit and speaking in tongues /
Statement of responsibility, etc. by Don Basham.
260 ## - PUBLICATION, DISTRIBUTION, ETC.
Place of publication, distribution, etc. Springdale, Pa. :
Name of publisher, distributor, etc. Whitaker House,
Date of publication, distribution, etc. c1969.
300 ## - PHYSICAL DESCRIPTION
Extent 153 p. ;
Dimensions 18 cm.
650 #0 - SUBJECT ADDED ENTRY--TOPICAL TERM
Topical term or geographic name entry element Baptism in the Holy Spirit.
650 #0 - SUBJECT ADDED ENTRY--TOPICAL TERM
Topical term or geographic name entry element Glossolalia.
942 ## - ADDED ENTRY ELEMENTS (KOHA)
Source of classification or shelving scheme Dewey Decimal Classification
Koha item type Books

No items available.


OPAC Designed and Maintained by HMC Library Team.
Copyright © HMC Library,Greater Noida, UP.
For any Suggestions/Query Contact library via Email:libhmc@gmail.com